00936cam4a220027700 4500001001200000008004100012010001600053015001400069020001500083020001300098035001900111035002100130035002200151040000900173050002100182082001100203100007700214245015300291260003600444500002900480740004000509949003800549949004600587004000600633999001900639lce00053707691219s1969 enka 000 0 eng  a 75433950 aB69-11244 a0850670039 cunpriced a(Sirsi) r70360 a(DLC) 75433950 a(UPRA)lce00053707 dUPRA0 aPR3485b.C5 1969 a827/.61 aGoldsmith, Oliver, 1730?-1774.dGoldsmith, Oliver, 1730?-1774.6A30553.114aThe citizen of the world, or, Letters from a Chinese philosopher residing in London to his friends in the East /cwith decorations by Cecil Keeling. aLondon :bFolio Society,c1969. aIllus. on lining papers.0 aLetters from a Chinese philosopher. aPR3485wlccmMAINtBOOKlON-SHELF aPR3485wlcci-95175mMAINtBOOKlON-SHELF70360 c191491d191491